000 00663nam a2200217Ia 4500
001 6027
003 GE_BSU
008 181216s||||||||xx |||||||||||||| ||und||
040 _cGE_BSU
080 _a821.353.1-32
100 _aადამია,ალიო
245 _aდილა მტკვრის ხეობაში
245 _cრედ.რ.გვეტაძე
260 _aთბილისი
260 _bსაბჭოთა მწერალი
260 _c1952
300 _a245გვ.17სმ.
653 _aდილა მტკვრის ხეობაში
653 _aმოთხრობები
942 _cBK
999 _c39436
_d39436